Вестник Комитета членов Всероссийского Учредительного собрания (Запись № 11700773)
[ простой вид ]
| 000 -МАРКЕР | |
|---|---|
| контрольное поле | 01320nas1a2200289 4500 |
| 001 - ИДЕНТИФИКАТОР ЗАПИСИ | |
| контрольное поле | RU\NLR\BIBL_A\011440749 |
| 005 - ИДЕНТИФИКАТОР ВЕРСИИ | |
| контрольное поле | 20240727025745.0 |
| 035 ## - ДРУГИЕ СИСТЕМНЫЕ НОМЕРА | |
| Идентификатор записи | (NLR Aleph) 011440749 |
| 100 ## - ДАННЫЕ ОБЩЕЙ ОБРАБОТКИ | |
| Данные общей обработки | 20170718b19181918|||y0rusy5050 ca |
| 101 0# - ЯЗЫК РЕСУРСА | |
| Язык текста, звукозаписи и т.д. | русский |
| 102 ## - СТРАНА ПУБЛИКАЦИИ ИЛИ ПРОИЗВОДСТВА | |
| Страна публикации | Российская Федерация |
| 110 ## - ПОЛЕ КОДИРОВАННЫХ ДАННЫХ: ПРОДОЛЖАЮЩИЕСЯ РЕСУРСЫ | |
| Кодированные данные продолжающегося ресурса | caa |
| 200 1# - ЗАГЛАВИЕ И СВЕДЕНИЯ ОБ ОТВЕТСТВЕННОСТИ | |
| Основное заглавие | Вестник Комитета членов Всероссийского Учредительного собрания |
| Первые сведения об ответственности | Зав. ред. и изд. С. А. Волков |
| 207 #1 - ОБЛАСТЬ СПЕЦИФИЧЕСКИХ СВЕДЕНИЙ: НУМЕРАЦИЯ ПРОДОЛЖАЮЩИХСЯ РЕСУРСОВ | |
| Нумерация: даты и обозначения томов | 1918, 10 июля - [5 окт.] |
| 210 ## - ПУБЛИКАЦИЯ, РАСПРОСТРАНЕНИЕ И ДР. | |
| Место издания, распространения и т.д. | Самара |
| Дата издания, распространения и т.д. | 1918 |
| 300 ## - ОБЩИЕ ПРИМЕЧАНИЯ | |
| Текст примечания | Загл. на колонтит.: Вестник Комитета Учредительного собрания |
| 311 ## - ПРИМЕЧАНИЯ, ОТНОСЯЩИЕСЯ К ПОЛЯМ СВЯЗИ (ПРИМЕЧАНИЯ О СВЯЗИ С ДРУГИМИ ПРОИЗВЕДЕНИЯМИ (ИЗДАНИЯМИ)) | |
| Текст примечания | Ранее, по 9 июля 1918, изд. газ. "Самарские ведомости" (см. ) |
| 430 #0 - ПРОДОЛЖЕН | |
| Автор | Самарские ведомости |
| Встроенное поле | 2001 |
| 515 1# - ЗАГЛАВИЕ В КОЛОНТИТУЛЕ | |
| Заглавие в колонтитуле | Вестник Комитета Учредительного собрания |
| 702 #1 - ИМЯ ЛИЦА - ВТОРИЧНАЯ ОТВЕТСТВЕННОСТЬ | |
| Начальный элемент ввода | Волков |
| Часть имени, кроме начального элемента ввода | С. А. |
| Расширение инициалов личного имени | Сергей Александрович |
| Код отношения | Редактор |
| 710 00 - НАИМЕНОВАНИЕ ОРГАНИЗАЦИИ - ПЕРВИЧНАЯ ОТВЕТСТВЕННОСТЬ | |
| Начальный элемент ввода | Всероссийское учредительное собр. |
| Дата проведения временной организации | 1918 |
| Инверсированный элемент | Самарский комитет |
| 852 ## - МЕСТОНАХОЖДЕНИЕ И ШИФР ХРАНЕНИЯ | |
| Идентификатор организации | NLR |
| Шифр хранения (Call Number) | Р2/6332 |
| 942 ## - ДОПОЛНИТЕЛЬНЫЕ ЭЛЕМЕНТЫ ЗАПИСИ (АБИС) | |
| Тип экземпляра АБИС | Газета |
Нет доступных экземпляров.